000 00297nam a22001337a 4500
008 260427b ||||| |||| 00| 0 eng d
020 _a9789928219541
041 _ashqip
080 _a821.1
100 _a20
101 _aShkrime
245 _aTom Gejts Gostitje
_cLiz Pichon
942 _2udc
_cBK
999 _c61002
_d61002